| 000 | 00356nam a22001457a 4500 | ||
|---|---|---|---|
| 003 | macl | ||
| 005 | 20180428142222.0 | ||
| 008 | 180428b xxu||||| |||| 00| 0 eng d | ||
| 040 | _cmacl | ||
| 100 |
_aKamaleshdatta Tripathi _972441 |
||
| 245 | _aKalaattvakosa Volume-VII | ||
| 260 |
_aDelhi _bIndra Gandhi _c2015 |
||
| 650 |
_aKosh _972442 |
||
| 942 |
_2ddc _cBK |
||
| 999 |
_c58018 _d58018 |
||